Cơ sở điện học - điện tử

Tài liệu dùng cho đối tượng sinh viên, học sinh mới vào nghề hoặc cá nhân thích nghiên cứu tham khảo về lĩnh vực điện học và kỹ thuật điện, điện tử. Nội dung tài liệu trình bày 2 phần: Phần 1: Điện học cơ bản; Phần 2: Điện tử ứng dụ...

Disgrifiad llawn

Wedi'i Gadw mewn:
Manylion Llyfryddiaeth
Prif Awdur: Nguyễn, Văn Tuệ
Fformat: Llyfr
Iaith:Undetermined
Cyhoeddwyd: Thành phố Hồ Chí Minh Đại học Quốc gia Thành phố Hồ Chí Minh 2009
Pynciau:
Tagiau: Ychwanegu Tag
Dim Tagiau, Byddwch y cyntaf i dagio'r cofnod hwn!
Thư viện lưu trữ: Trung tâm Học liệu Trường Đại học Cần Thơ
LEADER 01129nam a2200205Ia 4500
001 CTU_159312
008 210402s9999 xx 000 0 und d
020 |c 40000 
082 |a 537.01 
082 |b T507 
100 |a Nguyễn, Văn Tuệ 
245 0 |a Cơ sở điện học - điện tử 
245 0 |c Nguyễn Văn Tuệ, Nguyễn Đình Triết 
260 |a Thành phố Hồ Chí Minh 
260 |b Đại học Quốc gia Thành phố Hồ Chí Minh 
260 |c 2009 
520 |a Tài liệu dùng cho đối tượng sinh viên, học sinh mới vào nghề hoặc cá nhân thích nghiên cứu tham khảo về lĩnh vực điện học và kỹ thuật điện, điện tử. Nội dung tài liệu trình bày 2 phần: Phần 1: Điện học cơ bản; Phần 2: Điện tử ứng dụng. 
650 |a Electromagnetic theory,Electromagnetism,Electric fields,Lý thuyết điện từ,Điện trường 
904 |i Trọng Hiếu 
980 |a Trung tâm Học liệu Trường Đại học Cần Thơ